000 00563cam a22001694a 4500
020 _a9780896297814 (alk. paper)
040 _cDLC
082 0 0 _a338 INT 2009 C147 Or.
245 0 0 _aInstitutional economics perspectives on African agricultural development /
260 _aWashington, D.C :
_bInternational Food Policy Research Institute,
_cc2009.
300 _axxii, 477 p. :
_bill. ;
_c23 cm.
650 0 _aAgriculture and state
650 0 _aEconomic development
650 0 _aAgricultural development projects
700 1 _aKirsten, Johann.
942 _cAEDBB
999 _c18559
_d18559